| 000 | 00626nam a2200229Ia 4500 | ||
|---|---|---|---|
| 005 | 20250508165235.0 | ||
| 008 | 008 250505s9999 xx 000 0 eng d | ||
| 020 | _a978-81-317-3217-5 | ||
| 037 | _aTextBook | ||
| 040 |
_aFEDL _beng _cFEDL |
||
| 041 |
_aeng _2eng |
||
| 084 |
_a371.1, WAL/R _qFEDL |
||
| 100 |
_aWalton Anita Ed. _9780253 |
||
| 245 | 0 | _aSupporting every child | |
| 250 | _a2 | ||
| 260 |
_aLondon, UK _bSage Publications, Inc. _c2012 |
||
| 300 | _avi, 162p. | ||
| 365 |
_aGBP _b18.99 |
||
| 700 |
_a Goddard Gillian Ed. _9780254 |
||
| 942 |
_cTB _h371.1, WAL/R |
||
| 999 |
_c1393999 _d1393999 |
||